00766nam a2200265Ia 4500003000400000005001700004008004100021020001500062040000700077041000800084082001800092100002300110245001800133250000600151260004300157300001500200365001300215650001900228650002200247700003300269906002000302942001200322999001900334952014700353OSt20250716141048.0210423s2004 xx 000 0 und d a8122901735 cAL aeng a070.41 bSMIE aRon F Smith981708 aEditing today a2 aNew DelhibSurjeeth Publicationsc2004 aix,261bPB b295cINR aEditing981709 aJournalism981710 aO'Connell, Loraine M9218975 aEditing ; today 2ddccBK c155431d155431 00102ddc40708MAJMCaSACPGbSACPGd2008-07-08eHigginbothams Pvt Ltdg295.00l0o070.41 SMIEpPG001903r2022-08-24 00:00:00w2021-04-26yBK